000 004850000a22001930004500
001 001090
003 MACL
005 20151027113404.0
008 151027b xxu||||| |||| 00| 0 eng d
040 _aMACL
_cMACL
041 _aEnglish
082 _a954.04/PYE
100 _aPyarelal,
_914107
245 _aMahatma Gandhi V-10
_bThe Last Phase
_cPyarelal
260 _aAhmedabad
_c1997
_bNavjivan Publishing House,
350 _a500
650 _a History
_916860
942 _k954
_cBK
_2ddc
999 _c1085
_d1085